00456nam a22001697a 4500003000400000008004100004020001800045082001700063245008200080260002600162300001600188650001800204650001200222650001300234700002000247700001900267OSt260623b |||||||| |||| 00| 0 eng d a9781786390837 a592.57bP46C aCyst Nematodes / cedited by Roland N. Perry, Maurice Moens and John T. Jones a.- UKb: CABIc, 2018 axxiii,464p. aPure Sciences aAnimals aNematoda aMoens, Maurice. aJones, John T.